Statistics for Famous People Named David

Click here to take the quiz!

General Stats

  • This quiz has been taken 657 times
  • The average score is 8 of 16

Answer Stats

Answer% Correct
David Bowie
93%
David Beckham
87%
David Hasselhoff
72%
David Cameron
61%
Dave Grohl
59%
David Attenborough
59%
David Letterman
59%
Dave Chapelle
44%
David Spade
44%
Davy Jones
41%
David Crosby
35%
Dave Bautista
34%
David Arquette
32%
Dave Matthews
25%
David Franco
23%
David Foster
11%

Score Distribution

Percentile by Number Answered

Percent of People with Each Score

Your Score History

You have not taken this quiz